The Sufis / (Record no. 4077)
[ view plain ]
| 000 -LEADER | |
|---|---|
| fixed length control field | 00739cam a2200277 a 4500 |
| 001 - CONTROL NUMBER | |
| control field | 878594 |
| 003 - CONTROL NUMBER IDENTIFIER | |
| control field | Nust |
| 005 - DATE AND TIME OF LATEST TRANSACTION | |
| control field | 20170105101619.0 |
| 008 - FIXED-LENGTH DATA ELEMENTS--GENERAL INFORMATION | |
| fixed length control field | 901011s1977 enka b 000 0 eng d |
| 020 ## - INTERNATIONAL STANDARD BOOK NUMBER | |
| International Standard Book Number | 9780385079662 (pbk) |
| 035 ## - SYSTEM CONTROL NUMBER | |
| System control number | (OCoLC)29820309 |
| 035 ## - SYSTEM CONTROL NUMBER | |
| System control number | (OCoLC)ocm29820309 |
| 035 ## - SYSTEM CONTROL NUMBER | |
| System control number | (CStRLIN)NYCG90-B63555 |
| 035 ## - SYSTEM CONTROL NUMBER | |
| System control number | (NNC)878594 |
| 040 ## - CATALOGING SOURCE | |
| Original cataloging agency | AzTPC |
| Transcribing agency | AzTPC |
| Modifying agency | MdBJ |
| 082 ## - DEWEY DECIMAL CLASSIFICATION NUMBER | |
| Classification number | 297.4 |
| Author Mark | SHA |
| 090 ## - LOCALLY ASSIGNED LC-TYPE CALL NUMBER (OCLC); LOCAL CALL NUMBER (RLIN) | |
| Classification number (OCLC) (R) ; Classification number, CALL (RLIN) (NR) | BP189 |
| Local cutter number (OCLC) ; Book number/undivided call number, CALL (RLIN) | .S38 1977g |
| 100 1# - MAIN ENTRY--PERSONAL NAME | |
| Personal name | Shah, Idries, |
| Dates associated with a name | 1924-1996. |
| 245 14 - TITLE STATEMENT | |
| Title | The Sufis / |
| Statement of responsibility, etc. | Idries Shah. |
| 260 ## - PUBLICATION, DISTRIBUTION, ETC. | |
| Place of publication, distribution, etc. | London : |
| Name of publisher, distributor, etc. | Octagon Press, |
| Date of publication, distribution, etc. | 1977. |
| 300 ## - PHYSICAL DESCRIPTION | |
| Extent | xii, 451 p. : |
| Other physical details | ill. ; |
| Dimensions | 23 cm. |
| 504 ## - BIBLIOGRAPHY, ETC. NOTE | |
| Bibliography, etc. note | Includes bibliographical references. |
| 650 #0 - SUBJECT ADDED ENTRY--TOPICAL TERM | |
| Topical term or geographic name entry element | Sufism. |
| 942 ## - ADDED ENTRY ELEMENTS (KOHA) | |
| Source of classification or shelving scheme | |
| Koha item type | Book |
| Withdrawn status | Lost status | Source of classification or shelving scheme | Damaged status | Not for loan | Collection code | Permanent Location | Current Location | Shelving location | Date acquired | Total Checkouts | Total Renewals | Full call number | Barcode | Date last seen | Date last checked out | Copy number | Price effective from | Koha item type |
|---|---|---|---|---|---|---|---|---|---|---|---|---|---|---|---|---|---|---|
| Central Library (CL) | Central Library (CL) | First Floor - Islam | 12/20/2016 | 3 | 1 | 297.4 SHA | CL3014 | 08/22/2025 | 09/11/2021 | 1 | 12/20/2016 | Book |
